000 00857nam a2200265 i 4500
001 18017
003 ES-MaACL
005 20250816062526.0
007 t|
008 010803s2000 sp ||||0| spa j
020 _a84-8307-279-3
040 _aM-BN
_bspa
_cM-BN
080 _a1(081) Gadamer, Hans Georg
100 1 _aGadamer, Hans Georg.
_953182
245 1 0 _aElogio de la teoría
_b: discursos y artículos /
_cHans-Georg Gadamer ; traducción de Anna Poca.
250 _a1ª ed. en "Historia, ciencia, sociedad".
260 _aBarcelona :
_bPenínsula,
_c2000.
300 _a157 p ;
_c21 cm.
490 1 _aHistoria, ciencia, sociedad ;
_v296
700 1 _aPoca, Anna.
_992693
830 0 0 _aHistoria, ciencia, sociedad (Península)
_v296
_9177444
852 _aES-MaACL
_jL-24781
_bR.130014
999 _c18017
_d18017